000
00277nam a22000977a 4500
999
_c
511572
_d
511572
082
_a
B3N42 M691
245
_a
European Union and India
_b
Partners in progress
260
_a
New Delhi
_b
Ambassador Micheal Caillouet
_c
2003
300
_a
47p.
650
_a
Public administration
_9
11648